Word Ladder: Formula 1 Greatest Quiz Stats

Quiz Updated Mar 29, 2015

Challenge
Share
Tweet
Embed
Score 0/27 Timer 03:00
2 Plays Today
Hint 4-Letter Word % Correct
Of great heightTALL
94.2%
A storyTALE
94.1%
Footwear◄SHOE►
94%
To communicate by telephone◄CALL►
93.9%
Where a prisoner is keptCELL
93.7%
A large pool of waterLAKE
93.6%
To acquire by forceTAKE
92.7%
Have feelings for someone LIKE
91.5%
Place for sittingSEAT
90.5%
To transfer goods for moneySELL
90.5%
Batman actor ChristianBALE
90%
The discharge of a firearmSHOT
89.7%
To produce◄MAKE►
89.7%
Person with XY chromosomesMALE
88.7%
Hint 4-Letter Word % Correct
Fastest man on Earth, UsainBOLT
88.6%
NATO phonetic alphabet for 'm'◄MIKE►
88.5%
Opening for coins SLOT
88.4%
A sweet, baked dessertCAKE
86.9%
'Kiss from a rose' artistSEAL
86.7%
Narrow strip of woodSLAT
82.8%
To start up a computerBOOT
81.1%
To be concerned◄CARE►
81%
Moving sluggishlySLOW
80.5%
The stem or trunk of a treeBOLE
78%
Blackthorn fruitSLOE
76.3%
A spot or stainBLOT
71.2%
Sudden stroke with a fistBLOW
70.7%

Today's Daily Dose

You're not logged in!

Compare scores with friends on all Sporcle quizzes.
Sign Up with Email
OR
Log In

You Might Also Like...

Show Comments

Extras

Top Quizzes Today


Score Distribution

Your Account Isn't Verified!

In order to create a playlist on Sporcle, you need to verify the email address you used during registration. Go to your Sporcle Settings to finish the process.

Report this User

Report this user for behavior that violates our Community Guidelines.

Details: